Top 10 Countries with the Most Islands - Statistics

General Stats
  • This quiz has been taken 73 times
  • The average score is 8 of 10
Answer Stats
Amount of Islands Answer % Correct
Unknown. Approximately 30,00 though Indonesia
94%
Unknown. Approximately 50,000 though Canada
91%
6,289 United Kingdom
85%
6,852 Japan
82%
18,307 Norway
82%
7,641 Philippines
82%
8,222 Australia
79%
11,654 Sweden
79%
7,987 Finland
76%
3,200 Bahamas
27%
No matching quizzes found
Score Distribution
Percent of People with Each Score
Percentile by Number Answered
Your Score History
You have not taken this quiz